Schnelle Mathematik - Multiplikation zur Basis 6 Level 03 - Statistiken

Allgemein
  • Dieses Quiz wurde 56 mal gespielt
  • Das Durchschnittsergebnis liegt bei 13 aus 20
Antwortstatistiken
Frage Antwort % Korrekt
0⋅4 0
100%
1⋅0 0
100%
5⋅0 0
100%
1⋅4 4
100%
5⋅1 5
100%
1⋅2 2
83%
1⋅3 3
83%
0⋅3 0
80%
2⋅1 2
80%
3⋅1 3
80%
5⋅4 32
80%
2⋅2 4
80%
0⋅1 0
75%
4⋅0 0
75%
3⋅3 13
75%
0⋅0 0
67%
0⋅2 0
67%
3⋅0 0
67%
1⋅1 1
67%
3⋅4 20
67%
1⋅5 5
67%
3⋅2 10
60%
4⋅2 12
60%
2⋅5 14
60%
5⋅3 23
60%
4⋅1 4
60%
0⋅5 0
50%
2⋅0 0
50%
2⋅3 10
50%
4⋅3 20
50%
3⋅5 23
50%
4⋅5 32
50%
2⋅4 12
33%
5⋅2 14
25%
4⋅4 24
20%
5⋅5 41
0%
Keine übereinstimmenden Quizze gefunden
Verteilung der Resultate
Anzahl Personen mit jedem Resultat
Perzentil nach korrekt beantworteten Fragen
Ihre Resultats-Entwicklung
Sie haben dieses Quiz noch nicht gespielt